01161nam a2200193Ia 4500001001100000003001000011008004100021040002500062041001300087100003200100245008700132250001100219260004700230300001200277500026400289501011400553520026400667650003600931L200-54667IT-CnALBA170116s9999||||xx |||||||||||||| ||und|| aIT-CnALBAcIT-CnALBA aITALIANO aVALSECCHI FR. ANTONINO, OP. 0aDÈ FONDAMENTI DELLA RELIGIONE E DÈ FONTI DELL'EMPIETÀ. VOL. III. LIBRI TRE.  a1a ed. bMORANO MICHEL'ANGELO'c1770 [1° Ed.:1770] a470 p.  aAL LETTORE. FONTI DELL'EMPIETÀ MORALE LIBERTINI. MORALE DI OBBES SPINOZA E MONTAGNA. DETTAMI NATURALI NEL SISTEMA DEGLI ATEI. MOTIVI DEGLI ATEI SECONDO BAYLE. ALTRI ARGOMENTI DEL BAYLE A FAVORE DELL'ONESTÀ DEGLI ATEI. MORALE E STORIA DI EPICURO. CARATTERE aSocietà San Paolo EM - Piazza San Paolo, 14 - 12051 ALBA (CN) (non commercial uses only) ® Copyright 2017 aAL LETTORE. FONTI DELL'EMPIETÀ MORALE LIBERTINI. MORALE DI OBBES SPINOZA E MONTAGNA. DETTAMI NATURALI NEL SISTEMA DEGLI ATEI. MOTIVI DEGLI ATEI SECONDO BAYLE. ALTRI ARGOMENTI DEL BAYLE A FAVORE DELL'ONESTÀ DEGLI ATEI. MORALE E STORIA DI EPICURO. CARATTERE aRELIGIONE - RELIGIONE CRISTIANA